Prepojenie zdroja informácií na WWW stránky = Connecting sources of informations onto WWW sites : Diplomová práca /

Gespeichert in:
Bibliographische Detailangaben
1. Verfasser: Recký, Stanislav (Verfasst von)
Weitere Verfasser: Štefanovič, Juraj, 1964- (Betreuung Doktorarbeit)
Format: Manuskript Buch
Veröffentlicht: Bratislava : STU v Bratislave FEI, 1997
Schlagworte:
Tags: Tag hinzufügen
Keine Tags, Fügen Sie das erste Tag hinzu!

MARC

LEADER 00000ntm a22000003a 4500
001 stu9995
005 20180712134709.7
008 970707s1997----------------------------d
040 |a STU  |b slo 
041 0
100 1 |a Recký, Stanislav  |4 aut 
245 1 |a Prepojenie zdroja informácií na WWW stránky = Connecting sources of informations onto WWW sites :  |b Diplomová práca /  |c [aut.] Recký,Stanislav; Škol. řtefanovič,Juraj 
260 |a Bratislava :  |b STU v Bratislave FEI,  |c 1997 
300 |a 60 s  |c disketa 
650 7 |a informatika  |2 stusub 
700 1 |a Štefanovič, Juraj,  |d 1964-  |4 ths  |u E220  |U FEI Fakulta elektrotechniky a informatiky  |T FEI Katedra informatiky a výpočtovej techniky  |X 2056  |U E220  |Y 69  |7 A000002056 
996 |b EDIPL-5346  |c I*DIPL-5346  |l II680  |s A  |a 24  |w stu9995_0001